| 000 | 00575nam a2200205Ia 4500 | ||
|---|---|---|---|
| 003 | GCL | ||
| 008 | 140319s9999 xx 000 0 eng d | ||
| 040 |
_aGCL / _cGCL |
||
| 082 | 0 | 4 |
_a630 _bJ B |
| 100 | 1 | _aJOHNSON, D.T | |
| 245 | 1 | 0 |
_aTHE BUSINESS OF FARMING : A GUIDE TO FARM BUSINESS MANAGEMENT IN THE TROPICS, 2ND ED. / _cJOHNSON, D.T |
| 260 |
_a[S.N] : _bELBS LONGMAN ، _c1990 |
||
| 300 | _a377 P | ||
| 650 | 0 | 4 | _aTROPICAL CROPS |
| 650 | 0 | 4 | _aFARM MANAGEMENT |
| 650 | 0 | 4 | _aFARM INCOME |
| 650 | 0 | 4 | _aAGRICULTURE PRODUCTIVITY |
| 650 | 0 | 4 | _aINCOME |
| 942 |
_2ddc _cBK |
||
| 999 |
_c20450 _d20450 |
||